01467naa a2200277 i 45000010005000000030009000050050017000140080039000310400036000700410008001060440008001140800015001220800010001371000118001472450114002655000021003795200229004006500021006296500021006506550030006717110099007017110111008007730250009119420013011619990015011743876KOSZ 00520180327134531.0140625s1997 pl f |100 0 eng cKOSZ 005aKOSZ 005dKOSZ 005/HR aeng aPOL a004.032.26 a004.81 aTOMKIEWICZ, Dariusz.d1996 - .bPolitechnika Koszalińska - Wydział Mechaniczny,cKatedra Systemów Sterowania 0aApplication of the neural network to the identification heat and mass exchange process /cDariusz Tomkiewicz. aDane z autopsji. aShort descriptions of the identification method is given. The work compares different methods of identification: classical methods using Recursive Least Square methods and neural networks ising Backpropagation Learning Rule. 0aNeural networks. 0aSieci neuronowe. 0aMateriały konferencyjne.22aConference Neural Networks and their Applicationsn(3 ;d1997 ;cCzęstochowa - Kule, Polska)0 aSummer School on Neural Networks Applications to Signal Processingd(1997 ;cCzęstochowa - Kule, Polska)0 iW :tProceedings of the thirth Conference Neural Network and their applications and Summer School on Neural Networks Applications to Signal Processing / eds. R. Tadeusiewicz, L. Rutkowski, J. Chojcan dCzęstochowa : PNNS, 1997. -gs. 499-504. cROZ2UKD c3876d3876